Rozbor pracovných postupov a ich zdokonaľovanie v strojárskych výrobách a vo výrobných procesoch nekontinuálneho charakteru. /

Guardado en:
Detalles Bibliográficos
Autor principal: Czíria, Ľudovít (Autor)
Formato: Manuscrito Libro
Publicado: Bratislava : SVŠT v Bratislave SjF, 1978
Etiquetas: Agregar Etiqueta
Sin Etiquetas, Sea el primero en etiquetar este registro!

MARC

LEADER 00000ntm a22000003a 4500
001 stu47639
005 20150617225710.5
008 ------s1978----cs----------------------d
040 |a STU  |b slo 
041 0
044 |a cs 
080 |a 331.024.35 
080 |a 658.5 
100 1 |a Czíria, Ľudovít  |4 aut 
245 1 |a Rozbor pracovných postupov a ich zdokonaľovanie v strojárskych výrobách a vo výrobných procesoch nekontinuálneho charakteru. /  |c [aut.] Czíria,Ľudovít 
260 |a Bratislava :  |b SVŠT v Bratislave SjF,  |c 1978 
300 |a 185 s 
996 |b J58750  |c J*58750/DIZ.  |l JJSK  |s A  |a 24  |w stu47639_0001